[Event "Open internationaal tornooi van Gent"]
[Site "Gent Kuipke, Belgium"]
[Date "2022.07.21"]
[Round "3.1"]
[White "Verheyen, Olivier"]
[Black "Van den Doel, Erik"]
[Result "0-1"]
[WhiteElo "2114"]
[BlackElo "2589"]
[Annotator "EVL"]
[PlyCount "94"]
[EventDate "2022.??.??"]

{[%evp 0,94,23,21,36,30,30,29,57,38,27,32,21,12,1,17,-11,8,40,14,53,2,37,15,69,
17,25,47,35,41,36,9,59,-13,22,3,32,42,32,69,52,50,59,50,75,75,90,90,85,81,81,
74,87,69,57,56,50,39,27,12,10,0,10,-27,-17,-25,0,-72,-79,-74,-89,-89,-33,-90,
-96,-100,-151,-167,-167,-180,-138,-296,-286,-302,-267,-335,-351,-368,-448,-442,
-505,-505,-505,-522,-524,-529,-562]} 1. e4 e6 2. d4 d5 3. Nd2 Be7 4. Ngf3 Nf6
5. e5 Nfd7 6. Bd3 c5 7. c3 Nc6 8. O-O a5 9. a4 Qc7 10. Bb5 Na7 11. Bd3 c4 12.
Bc2 b5 13. axb5 Nxb5 14. Nb1 h6 15. Ne1 g6 16. f4 Nb6 17. g4 Bd7 18. f5 exf5
19. gxf5 Bxf5 20. Bxf5 gxf5 21. Qh5 Qc6 22. Qxf5 Qg6+ 23. Qxg6 fxg6 24. Ng2 a4
25. Bd2 Rb8 26. Rf3 Kd7 27. Nf4 Rhg8 28. Rg3 g5 29. Nh5 Rbf8 30. Kg2 Ke6 31.
Na3 Nxa3 32. bxa3 Nd7 33. Rb1 Rb8 34. Rxb8 Rxb8 35. Rf3 Nf8 36. Bc1 Rb1 37. Rf1
Rb3 38. Ng7+ Kd7 39. Nf5 Rxc3 40. Nxh6 Ne6 41. Ng8 Bxa3 42. Bxa3 Nf4+ 43. Rxf4
gxf4 44. Nf6+ Ke6 45. Bc5 a3 46. Bxa3 Rxa3 47. Nh5 Kf5 0-1

[Event "Open internationaal tornooi van Gent"]
[Site "Gent Kuipke, Belgium"]
[Date "2022.07.21"]
[Round "3.3"]
[White "De Boer, Rein"]
[Black "Sivuk, Vitaly"]
[Result "0-1"]
[WhiteElo "2060"]
[BlackElo "2565"]
[Annotator "EVL"]
[PlyCount "84"]
[EventDate "2022.??.??"]

{[%evp 0,84,23,21,46,20,20,-64,-12,-22,-23,-23,20,21,13,2,32,6,62,22,41,15,30,
17,0,-7,10,-7,-4,-13,24,15,14,32,41,38,32,15,129,126,126,123,123,93,123,125,
138,12,108,3,2,13,19,-17,-2,-28,-21,-105,-94,-91,-47,-245,-151,-199,-162,-407,
-171,-97,-102,-174,-170,-153,-146,-247,-244,-262,-251,-572,-550,-603,-603,-628,
-631,-631,-631,-647,-655]} 1. e4 c5 2. c3 d5 3. exd5 Qxd5 4. d4 Nf6 5. Nf3 e6
6. Na3 a6 7. Nc2 Nbd7 8. Bd3 b6 9. Qe2 Be7 10. Bg5 Bb7 11. Ne3 Qd6 12. O-O O-O
13. Rad1 cxd4 14. Nxd4 Qc5 15. Bh4 Rfe8 16. Nb3 Qc6 17. Nd4 Qc7 18. Bg3 Bd6 19.
Nb5 axb5 20. Bxd6 Qc8 21. Bxb5 Rxa2 22. Ba3 Bc6 23. Bxc6 Qxc6 24. Qc4 Qxc4 25.
Nxc4 b5 26. Ne3 Nb6 27. Nc2 Nfd5 28. Rd3 Nc4 29. Rb1 Rc8 30. Nd4 Nxa3 31. bxa3
Nxc3 32. Rc1 Rxa3 33. Kf1 b4 34. Nb5 Rb3 35. Nd4 Rd8 36. Rd2 Ra3 37. Ke1 g6 38.
Nb5 Rxd2 39. Nxa3 Re2+ 40. Kf1 bxa3 41. Rxc3 a2 42. Ra3 Rb2 0-1

[Event "Open internationaal tornooi van Gent"]
[Site "Gent Kuipke, Belgium"]
[Date "2022.07.21"]
[Round "3.10"]
[White "McMichael, Richard J"]
[Black "De Haas, Wouter"]
[Result "1-0"]
[WhiteElo "2139"]
[BlackElo "2060"]
[PlyCount "53"]
[EventDate "2022.??.??"]

1. b3 e5 2. Bb2 Nc6 3. e3 f5 4. c4 Nf6 5. Nf3 d6 6. d4 e4 7. d5 exf3 8. dxc6
fxg2 9. Bxg2 b5 10. cxb5 d5 11. Nc3 Be6 12. O-O Bd6 13. h3 Qe7 14. Ne2 g5 15.
Nd4 g4 16. Nxe6 Qxe6 17. Kh1 gxh3 18. Bf3 Rg8 19. Qd4 Ng4 20. Bxd5 Qg6 21. Bxg8
Ne5 22. Rg1 Qh5 23. Bd5 Ng4 24. Qh8+ Ke7 25. Qg7+ Ke8 26. Qd7+ Kf8 27. Bg7# 1-0

[Event "Open internationaal tornooi van Gent"]
[Site "Gent Kuipke, Belgium"]
[Date "2022.07.21"]
[Round "3.6"]
[White "Van der Stricht, Geert"]
[Black "Clemens, Adrian"]
[Result "1-0"]
[WhiteElo "2401"]
[BlackElo "2080"]
[Annotator "EVL"]
[PlyCount "107"]
[EventDate "2022.??.??"]

{[%evp 0,107,23,15,23,-10,-16,0,-14,-20,-14,-21,39,20,33,-14,-13,26,-10,-24,24,
5,5,12,-9,0,0,8,-14,-50,-29,-13,9,7,23,-45,6,40,40,65,102,93,93,85,109,103,83,
91,97,86,97,102,107,96,106,94,104,104,147,149,152,80,133,88,176,97,148,92,124,
138,193,96,133,124,78,109,128,99,99,99,187,112,116,131,131,83,503,137,160,90,
128,31,226,130,87,107,106,51,71,56,100,94,136,119,114,136,122,97,199,231]} 1.
d4 d5 2. c4 e6 3. Nf3 Nf6 4. g3 dxc4 5. Bg2 a6 6. O-O Nc6 7. e3 Rb8 8. Nfd2 e5
9. Nxc4 exd4 10. Bxc6+ bxc6 11. exd4 Be7 12. Nc3 O-O 13. Ne5 Bb7 14. Bg5 Ba8
15. Qe2 c5 16. dxc5 Bxc5 17. Rad1 Qe7 18. Nd5 Bxd5 19. Rxd5 Bd6 20. Bxf6 gxf6
21. Qg4+ Kh8 22. Nc4 Qe6 23. Qf3 Rb5 24. Rfd1 Rxd5 25. Rxd5 Re8 26. Kg2 Bf8 27.
b3 Kg8 28. Rd4 Bc5 29. Rf4 Kg7 30. h4 c6 31. Rf5 Ba7 32. h5 h6 33. Rf4 Qd5 34.
Rf5 Qd4 35. Qxc6 Re2 36. Qf3 Rxa2 37. Rf4 Qd8 38. Qg4+ Kf8 39. Qf5 Bd4 40. Qe4
Bc5 41. Qc6 Bd4 42. Rf3 Qe7 43. Qc8+ Qe8 44. Qg4 Bc5 45. Qf5 Qe7 46. Qd5 Re2
47. Rf5 Ba7 48. Nd6 Bb8 49. Nc4 Ba7 50. Rf4 Bc5 51. Qa8+ Qe8 52. Qd5 Qe7 53.
Rf3 Ba7 54. Nd6 1-0

[Event "Open internationaal tornooi van Gent"]
[Site "Gent Kuipke, Belgium"]
[Date "2022.07.21"]
[Round "3.4"]
[White "Flom, Gabriel"]
[Black "De Jong, Jasper"]
[Result "1-0"]
[WhiteElo "2410"]
[BlackElo "2088"]
[PlyCount "41"]
[EventDate "2022.??.??"]

1. d4 e6 2. c4 d5 3. Nf3 Nf6 4. g3 Bd6 5. Bg2 O-O 6. O-O b6 7. Nc3 Bb7 8. cxd5
exd5 9. Nh4 Re8 10. Bg5 c6 11. e4 dxe4 12. Nxe4 Be7 13. Nf5 Nd5 14. Bxe7 Nxe7
15. Nfd6 Ba6 16. Nxe8 Bxf1 17. N8f6+ gxf6 18. Nxf6+ Kh8 19. Kxf1 Nf5 20. Nh5
Qxd4 21. g4 1-0

[Event "Open internationaal tornooi van Gent"]
[Site "Gent Kuipke, Belgium"]
[Date "2022.07.21"]
[Round "3.13"]
[White "Pienski, Olaf"]
[Black "Van Coppenolle, Kurt"]
[Result "1-0"]
[WhiteElo "1911"]
[BlackElo "2121"]
[PlyCount "77"]
[EventDate "2022.??.??"]

1. e4 c5 2. Nf3 e6 3. d4 cxd4 4. Nxd4 Nf6 5. Nc3 Nc6 6. Ndb5 Bc5 7. Nd6+ Ke7 8.
Nxc8+ Rxc8 9. Bd3 Re8 10. O-O a6 11. Qf3 Qc7 12. Be3 Ne5 13. Bxc5+ Qxc5 14. Qg3
Kf8 15. Kh1 b5 16. a3 Rc6 17. f4 Nxd3 18. cxd3 d6 19. e5 dxe5 20. fxe5 Nd7 21.
Qf4 Re7 22. d4 Qc4 23. Rad1 Nb6 24. Qh4 Nd5 25. Qxh7 Ke8 26. Nxd5 Qxd5 27. Qxg7
Rc2 28. Qg8+ Kd7 29. Rxf7 Rxf7 30. Qxf7+ Kc6 31. Qe8+ Kb6 32. Qg6 Rxb2 33. h4
Qb3 34. Rg1 Rd2 35. Qe4 Qg3 36. Rc1 Qf2 37. Qc6+ Ka5 38. Qc3+ Kb6 39. Qc7# 1-0

[Event "Open internationaal tornooi van Gent"]
[Site "Gent Kuipke, Belgium"]
[Date "2022.07.21"]
[Round "3.12"]
[White "Bonoo, Iwan"]
[Black "Becx, Cesar"]
[Result "0-1"]
[WhiteElo "1935"]
[BlackElo "2128"]
[Annotator "EVL"]
[PlyCount "82"]
[EventDate "2022.??.??"]

{[%evp 0,82,17,24,62,32,45,46,74,55,63,68,73,65,58,52,58,12,12,-13,-21,-65,-63,
-66,-71,-71,-105,-130,-122,-116,-116,-135,-135,-127,-121,-128,-101,-120,-92,
-150,-141,-164,-152,-217,-121,-157,-159,-171,-150,-156,-160,-151,-133,-133,
-154,-208,-176,-175,-197,-191,-208,-207,-190,-191,-197,-187,-238,-268,-267,
-298,-312,-320,-320,-325,-325,-332,-336,-349,-352,-352,-366,-374,-383,-423,
-440]} 1. d4 f5 2. c4 Nf6 3. Nc3 g6 4. Nf3 Bg7 5. g3 O-O 6. Bg2 d6 7. O-O Nc6
8. e3 e5 9. dxe5 dxe5 10. Qb3 e4 11. Ng5 Ne5 12. f3 h6 13. c5+ Kh8 14. Ne6 Bxe6
15. Qxe6 exf3 16. Bxf3 Nxf3+ 17. Rxf3 Qd3 18. Qb3 Ng4 19. Qb5 Rad8 20. Qxd3
Rxd3 21. Nb5 Rf7 22. Kg2 a6 23. Nc3 Kh7 24. h3 Ne5 25. Rf2 Nd7 26. c6 bxc6 27.
Ne2 Rd1 28. e4 Nc5 29. exf5 Rxf5 30. Rxf5 gxf5 31. Rb1 Nd3 32. b4 Bb2 33. Rxb2
Nxb2 34. Bf4 Nd3 35. Bxc7 Nxb4 36. a4 Nd5 37. Be5 Rd2 38. Kf3 Rd3+ 39. Kf2 c5
40. h4 c4 41. Nd4 c3 0-1

[Event "Open internationaal tornooi van Gent"]
[Site "Gent Kuipke, Belgium"]
[Date "2022.07.21"]
[Round "3.5"]
[White "Scheermeijer, Paul"]
[Black "Maerevoet, Sim"]
[Result "0-1"]
[WhiteElo "2029"]
[BlackElo "2409"]
[Annotator "EVL"]
[PlyCount "96"]
[EventDate "2022.??.??"]

{[%evp 0,96,24,21,74,47,32,27,27,31,30,-35,-11,-34,-23,-32,-6,-39,-2,-5,0,12,
-29,-52,8,-13,-13,-23,-33,-5,-5,-5,-39,-35,-35,-37,-76,-66,-39,-101,-103,-88,
-115,-112,-80,-76,-93,-196,-89,-87,-98,-125,-62,-97,-120,-115,-109,-128,-128,
-109,-112,-152,-130,-147,-176,-160,-167,-138,-121,-125,-110,-110,-105,-113,-79,
-186,-192,-179,-185,-174,-155,-155,-145,-160,-160,-192,-131,-148,-159,-217,
-216,-206,-202,-202,-181,-194,-194,-361,-356]} 1. e4 c6 2. d3 d5 3. Nd2 e5 4.
Ngf3 Bd6 5. c4 Nf6 6. Be2 O-O 7. O-O Re8 8. Re1 Bf8 9. Qc2 a5 10. b3 d4 11. Nf1
a4 12. Bd2 Na6 13. bxa4 Nc5 14. a5 Nfxe4 15. dxe4 d3 16. Bxd3 Qxd3 17. Qxd3
Nxd3 18. Reb1 Nc5 19. Re1 f6 20. Ng3 Be6 21. Rec1 Red8 22. Rab1 Rd7 23. Kf1 h5
24. Rc2 g6 25. h3 Kh7 26. Ke2 Bh6 27. Bb4 Nd3 28. Bd2 Bxd2 29. Nxd2 Rxa5 30.
Ngf1 Nf4+ 31. Kf3 Ra3+ 32. Rb3 Ra4 33. Ne3 g5 34. Rb1 Kg6 35. Nb3 b6 36. Nd2
Rd3 37. g4 hxg4+ 38. hxg4 Ra8 39. Rh1 Rda3 40. Ndf1 Rxa2 41. Rxa2 Rxa2 42. Rh8
b5 43. cxb5 cxb5 44. Rb8 Nd3 45. Rxb5 Rxf2+ 46. Kg3 Rf4 47. Nd2 Nf2 48. Ng2
Nxe4+ 0-1

[Event "Open internationaal tornooi van Gent"]
[Site "Gent Kuipke, Belgium"]
[Date "2022.07.21"]
[Round "3.2"]
[White "Michiels, Bart"]
[Black "De Block, Yordi"]
[Result "1-0"]
[WhiteElo "2571"]
[BlackElo "2100"]
[Annotator "EVL"]
[PlyCount "75"]
[EventDate "2022.??.??"]

{[%evp 0,75,24,-26,14,2,29,8,8,10,15,-19,7,-9,-3,1,12,16,25,20,34,23,27,27,23,
14,23,25,42,42,50,39,85,64,83,75,80,47,101,86,101,70,105,107,105,102,102,100,
173,177,178,159,161,153,153,157,147,136,130,138,124,138,159,152,184,168,141,
252,355,342,323,323,362,417,413,530,530,519]} 1. c4 c5 2. g3 g6 3. Bg2 Bg7 4.
Nc3 d6 5. e3 e5 6. Nge2 Nc6 7. b3 Nge7 8. O-O O-O 9. Bb2 a6 10. Nd5 Nxd5 11.
cxd5 Ne7 12. d3 b5 13. Qd2 Bb7 14. e4 a5 15. a4 Ba6 16. axb5 Bxb5 17. f4 f6 18.
Kh1 Qd7 19. Nc3 Rfb8 20. Ra3 Qc7 21. fxe5 fxe5 22. Nxb5 Rxb5 23. Bh3 h6 24.
Be6+ Kh7 25. Rf7 Rf8 26. Rxf8 Bxf8 27. Bc3 Qb7 28. Qa2 Qa6 29. Kg2 Rb8 30. Qd2
Qb5 31. Bxa5 Ra8 32. Qc3 Bg7 33. b4 cxb4 34. Bxb4 Rxa3 35. Qxa3 Qb6 36. Bxd6
Qe3 37. Bc5 Qd2+ 38. Bf2 1-0

[Event "Open internationaal tornooi van Gent"]
[Site "Gent Kuipke, Belgium"]
[Date "2022.07.21"]
[Round "3.11"]
[White "Tack, Frederik"]
[Black "Zouaghi, Amir"]
[Result "1/2-1/2"]
[WhiteElo "2130"]
[BlackElo "1840"]
[PlyCount "54"]
[EventDate "2022.??.??"]

1. e4 c5 2. Nf3 e6 3. d4 cxd4 4. Nxd4 a6 5. a4 Nc6 6. Be3 Nf6 7. Nc3 Bb4 8. Bd3
d5 9. exd5 Nxd5 10. Nxc6 bxc6 11. Bd2 Nxc3 12. bxc3 Bd6 13. Qg4 O-O 14. O-O e5
15. Qe2 Be6 16. f4 exf4 17. Bxf4 Bxf4 18. Rxf4 Qg5 19. Raf1 Rfe8 20. Qf2 a5 21.
Bf5 f6 22. Qc5 Bxf5 23. Rxf5 Qe3+ 24. Qxe3 Rxe3 25. Rc5 Re2 26. Rf2 Re1+ 27.
Rf1 Re2 1/2-1/2

[Event "Open internationaal tornooi van Gent"]
[Site "Gent Kuipke, Belgium"]
[Date "2022.07.21"]
[Round "3.8"]
[White "Lammens, Tim"]
[Black "Van den Bosch, Arno"]
[Result "1-0"]
[WhiteElo "2255"]
[BlackElo "2028"]
[PlyCount "57"]
[EventDate "2022.??.??"]

1. Nf3 Nf6 2. g3 d5 3. Bg2 e6 4. O-O Be7 5. c4 dxc4 6. Qa4+ Nbd7 7. Qxc4 c5 8.
d3 O-O 9. Nc3 a6 10. Qb3 Ra7 11. a4 b6 12. Nd2 Bb7 13. Nc4 Bxg2 14. Kxg2 Nd5
15. Rd1 Qa8 16. e4 Nb4 17. Be3 Rb8 18. d4 b5 19. axb5 axb5 20. Rxa7 Qxa7 21.
Na3 Qa5 22. dxc5 Nxc5 23. Bxc5 Bxc5 24. Rd7 h6 25. Ncxb5 Rxb5 26. Qf3 f5 27.
Qh5 Bd4 28. Nxb5 Qxb5 29. Qe8+ 1-0

[Event "Open internationaal tornooi van Gent"]
[Site "Gent Kuipke, Belgium"]
[Date "2022.07.21"]
[Round "4.9"]
[White "Helmut, Froeyman"]
[Black "Kegels, Pascal"]
[Result "1/2-1/2"]
[WhiteElo "2289"]
[BlackElo "2081"]
[PlyCount "31"]
[EventDate "2022.??.??"]

1. e4 c5 2. Nf3 d6 3. d4 cxd4 4. Nxd4 Nf6 5. Nc3 a6 6. Be2 e6 7. O-O Be7 8. Be3
Qc7 9. f4 Nbd7 10. a4 b6 11. Bf3 Bb7 12. Qe2 O-O 13. Rae1 Rfc8 14. Kh1 Bf8 15.
Qf2 Nc5 16. Bc1 1/2-1/2

[Event "Open internationaal tornooi van Gent"]
[Site "Gent Kuipke, Belgium"]
[Date "2022.07.21"]
[Round "4.5"]
[White "Maerevoet, Sim"]
[Black "Pienski, Olaf"]
[Result "1-0"]
[WhiteElo "2409"]
[BlackElo "1911"]
[Annotator "EVL"]
[PlyCount "81"]
[EventDate "2022.??.??"]

{[%evp 0,81,22,-26,-2,-33,-33,-15,8,25,45,21,23,9,3,32,38,44,58,57,63,61,73,58,
57,52,56,51,53,20,67,97,97,55,76,-74,-57,-45,-45,-46,-8,-2,34,15,2,48,28,28,
121,28,28,32,137,141,147,141,135,141,144,162,140,138,256,114,105,105,246,246,
390,398,818,725,725,1646,1974,2044,2044,2044,2044,2044,2044,2482,28070,29980]} 
1. c4 e5 2. Nc3 Nf6 3. Nf3 d6 4. d4 Nbd7 5. e4 Be7 6. Be2 O-O 7. O-O c6 8. Qc2
Re8 9. d5 c5 10. Ne1 Nf8 11. Nd3 Ng6 12. a3 h6 13. b4 b6 14. a4 Nh7 15. a5 Bd7
16. Be3 Bg5 17. Nb5 Bxb5 18. cxb5 Bxe3 19. fxe3 Qh4 20. Nf2 Qg5 21. bxc5 bxc5
22. Qb3 Reb8 23. b6 axb6 24. axb6 Rxa1 25. Rxa1 Qd8 26. b7 Ne7 27. Ra7 Nf8 28.
Qb5 Qc7 29. Qa6 g6 30. Bb5 c4 31. Bc6 c3 32. Ra8 c2 33. Nd3 Nxc6 34. dxc6 d5
35. Rxb8 dxe4 36. Rxf8+ Kxf8 37. Qa8+ Kg7 38. b8=Q Qxb8 39. Qxb8 exd3 40. Qxe5+
Kh7 41. Qc3 1-0

[Event "Open internationaal tornooi van Gent"]
[Site "Gent Kuipke, Belgium"]
[Date "2022.07.21"]
[Round "4.11"]
[White "Zouaghi, Amir"]
[Black "Domalchuk-Jonasson, Aleksandr"]
[Result "0-1"]
[WhiteElo "1840"]
[BlackElo "2244"]
[Annotator "EVL"]
[PlyCount "100"]
[EventDate "2022.??.??"]

{[%evp 0,100,22,21,44,30,30,20,20,-8,43,-16,31,4,50,55,55,51,56,64,125,99,84,
72,91,52,91,32,21,3,10,-10,15,21,17,22,26,26,38,0,8,-1,-1,-10,-4,-4,-6,-4,-4,
-35,-37,-29,-23,-65,-36,-25,-58,-51,-47,-46,-38,-43,-35,-35,-30,-27,-28,-40,
-40,-32,-34,-38,-40,-36,-42,-31,-51,-61,-95,-190,-203,-278,-324,-413,-177,-382,
-432,-444,-444,-444,-444,-593,-642,-792,-353,-640,-923,-938,-999,-1041,-1079,
-1047,-1175]} 1. e4 e6 2. d4 d5 3. exd5 exd5 4. Bd3 Bd6 5. Qf3 c6 6. Ne2 Qf6 7.
Bf4 Bxf4 8. Qxf4 Qxf4 9. Nxf4 f6 10. Nd2 Ne7 11. O-O-O Kf7 12. Rde1 g5 13. Ne2
Bf5 14. Bxf5 Nxf5 15. Nf3 g4 16. Nd2 Nd7 17. c3 h5 18. Nf4 Nf8 19. Nb3 b6 20.
Kd2 Nd6 21. Kd3 Ng6 22. Nxg6 Kxg6 23. Nd2 Rae8 24. Re2 Rxe2 25. Kxe2 f5 26. f3
f4 27. Kf2 Re8 28. g3 Kf5 29. Rf1 a5 30. Kg2 Re2+ 31. Rf2 Rxf2+ 32. Kxf2 a4 33.
Kg2 Nb5 34. a3 Nd6 35. Kf2 Kg5 36. Kg2 Nf5 37. fxg4 hxg4 38. gxf4+ Kxf4 39. Nf1
Nd6 40. Nd2 Ke3 41. Nf1+ Ke2 42. Ng3+ Kd3 43. Nh5 Kc2 44. Nf6 Kxb2 45. Nxg4
Kxa3 46. h4 Kb2 47. h5 a3 48. h6 a2 49. h7 Nf7 50. Nh6 Nh8 0-1

[Event "Open internationaal tornooi van Gent"]
[Site "Gent Kuipke, Belgium"]
[Date "2022.07.21"]
[Round "4.2"]
[White "Van Kessel, Wessel"]
[Black "Michiels, Bart"]
[Result "0-1"]
[WhiteElo "2140"]
[BlackElo "2571"]
[PlyCount "80"]
[EventDate "2022.??.??"]

1. e4 d6 2. d4 Nf6 3. Nc3 e5 4. Nf3 Nbd7 5. Bc4 Be7 6. O-O O-O 7. Re1 a6 8. a4
b6 9. Ba2 Bb7 10. Bg5 h6 11. Bh4 Re8 12. h3 c6 13. Bg3 Qc7 14. Nh4 b5 15. Nf5
Bf8 16. d5 cxd5 17. Nxd5 Nxd5 18. Bxd5 Bxd5 19. exd5 g6 20. Ne3 f5 21. axb5 f4
22. bxa6 fxg3 23. fxg3 Bg7 24. b4 Qb6 25. Qg4 Nf6 26. Qxg6 Nxd5 27. Qd3 Nxe3
28. Rxe3 e4 29. Qb3+ Kh8 30. Rae1 Bd4 31. b5 d5 32. Kh2 Bxe3 33. Rxe3 d4 34.
Re1 Ra7 35. Rf1 e3 36. Qd3 Rg7 37. Qe2 Qb8 38. Rf4 Rxg3 39. Kxg3 Rg8+ 40. Kf3
Qa8+ 0-1

[Event "Open internationaal tornooi van Gent"]
[Site "Gent Kuipke, Belgium"]
[Date "2022.07.21"]
[Round "4.4"]
[White "Becx, Cesar"]
[Black "Flom, Gabriel"]
[Result "0-1"]
[WhiteElo "2128"]
[BlackElo "2410"]
[PlyCount "64"]
[EventDate "2022.??.??"]

1. f4 g6 2. Nf3 Bg7 3. g3 c5 4. Bg2 Nc6 5. O-O d6 6. d3 e6 7. e4 Nge7 8. Nc3
Rb8 9. Be3 Nd4 10. Rb1 O-O 11. Ne2 e5 12. c3 Nxf3+ 13. Bxf3 b6 14. b4 cxb4 15.
cxb4 Bh3 16. Bg2 Bxg2 17. Kxg2 Qd7 18. d4 exf4 19. Nxf4 d5 20. e5 Rbc8 21. b5
Rc3 22. Rf3 Rfc8 23. Rb2 Nf5 24. Bf2 Bh6 25. Rxc3 Rxc3 26. e6 fxe6 27. Qe1 Rc8
28. Qxe6+ Qxe6 29. Nxe6 Kf7 30. g4 Kxe6 31. gxf5+ Kxf5 32. Rb4 Rc2 0-1

[Event "Open internationaal tornooi van Gent"]
[Site "Gent Kuipke, Belgium"]
[Date "2022.07.21"]
[Round "4.1"]
[White "Van den Doel, Erik"]
[Black "Lammens, Tim"]
[Result "1/2-1/2"]
[WhiteElo "2589"]
[BlackElo "2255"]
[Annotator "EVL"]
[PlyCount "89"]
[EventDate "2022.??.??"]

{[%evp 0,89,22,12,20,-23,26,26,26,26,14,14,20,-3,-3,3,44,16,42,25,56,49,44,51,
37,7,40,28,32,32,43,18,9,33,20,31,43,47,36,21,30,11,15,17,47,111,68,65,84,76,
52,47,92,45,55,48,46,40,47,14,30,54,53,-82,-89,-114,-112,-112,-122,-98,-35,-98,
-84,-123,-81,-77,-1,-134,-111,-111,-100,-145,0,0,0,0,0,-146,0,0,0,0]} 1. Nf3 d5
2. g3 g6 3. Bg2 Bg7 4. d4 c6 5. O-O Nf6 6. b3 O-O 7. Bb2 Ne4 8. c4 a5 9. Nc3
Bf5 10. Nh4 Nxc3 11. Bxc3 Be6 12. Qd3 Na6 13. cxd5 Bxd5 14. e4 Be6 15. Rfd1 Qb6
16. d5 Bxc3 17. Qxc3 cxd5 18. exd5 Bd7 19. Re1 Qd6 20. Nf3 Nb4 21. Ne5 Bb5 22.
Nc4 Bxc4 23. bxc4 b6 24. a3 Na6 25. h4 h5 26. Rab1 Nc5 27. Re3 Ra7 28. Rbe1 Rc7
29. f4 Rfc8 30. Bh3 f5 31. Bg2 Ne4 32. Rxe4 fxe4 33. Rxe4 Qxd5 34. Kh2 Qf5 35.
Qe3 Qc5 36. Qe2 Rd8 37. Re6 Rd6 38. Rxe7 Rxe7 39. Qxe7 Rd2 40. Qe1 Qf2 41. Qe8+
Kg7 42. Qe7+ Kg8 43. Qe4 Kg7 44. Qe7+ Kg8 45. Qe8+ 1/2-1/2

[Event "Open internationaal tornooi van Gent"]
[Site "Gent Kuipke, Belgium"]
[Date "2022.07.21"]
[Round "4.3"]
[White "Sivuk, Vitaly"]
[Black "McMichael, Richard J"]
[Result "1-0"]
[WhiteElo "2565"]
[BlackElo "2139"]
[PlyCount "69"]
[EventDate "2022.??.??"]

1. d4 e6 2. c4 f5 3. Nc3 Nf6 4. a3 d5 5. Bf4 Be7 6. e3 c6 7. Bd3 O-O 8. h3 Nbd7
9. g4 dxc4 10. Bxc4 Nb6 11. Bd3 Nbd5 12. Be5 Bd6 13. Nf3 Bxe5 14. Nxe5 Nd7 15.
Nf3 b5 16. Nxd5 cxd5 17. Qc2 Nb6 18. Bxb5 Nc4 19. Bxc4 dxc4 20. Ne5 Bb7 21. f3
f4 22. e4 Qxd4 23. Qc3 Qd8 24. h4 Qc7 25. O-O-O Rfd8 26. g5 Bc6 27. Nxc4 Ba4
28. Rxd8+ Rxd8 29. Ne5 Qb7 30. Kb1 Rc8 31. Qb4 Bc2+ 32. Ka2 Qc7 33. Qd4 a5 34.
Qc3 Qb8 35. Nc6 1-0

[Event "Open internationaal tornooi van Gent"]
[Site "Gent Kuipke, Belgium"]
[Date "2022.07.21"]
[Round "4.12"]
[White "Oorebeek, Erwin"]
[Black "Stuer, Marc"]
[Result "1/2-1/2"]
[WhiteElo "2191"]
[BlackElo "2045"]
[PlyCount "26"]
[EventDate "2022.??.??"]

1. Nf3 f5 2. d4 Nf6 3. Bg5 Ne4 4. Bf4 d6 5. e3 e6 6. h4 Be7 7. Bd3 Nc6 8. Nbd2
Nxd2 9. Qxd2 Bf6 10. Bb5 Bd7 11. O-O-O Qe7 12. Bg5 O-O-O 13. Kb1 Nb8 1/2-1/2

[Event "Open internationaal tornooi van Gent"]
[Site "Gent Kuipke, Belgium"]
[Date "2022.07.21"]
[Round "4.13"]
[White "Feelders, Ad"]
[Black "Dauw, Sterre"]
[Result "0-1"]
[WhiteElo "2016"]
[BlackElo "2287"]
[Annotator "EVL"]
[PlyCount "108"]
[EventDate "2022.??.??"]

{[%evp 0,108,23,21,44,-1,19,28,28,-4,4,8,-13,-13,33,44,37,18,21,21,17,0,21,22,
11,6,15,14,30,16,50,18,4,-3,16,7,24,-14,-3,-17,5,16,20,22,39,32,24,12,29,35,38,
35,65,65,52,48,48,42,48,40,40,40,38,29,35,-22,35,-21,68,-9,0,9,11,11,56,29,32,
30,37,-27,-61,-75,-111,-111,-92,-76,-128,-134,-75,-63,26,-164,-39,-36,-28,-26,
0,-36,80,80,24,-20,-17,-123,-101,-139,-223,-250,-281,-186,-345]} 1. e4 c5 2. c3
e6 3. d4 d5 4. e5 Nc6 5. Nf3 Qb6 6. a3 c4 7. Nbd2 Na5 8. Be2 Bd7 9. O-O Ne7 10.
Re1 Qc7 11. Rb1 Nc8 12. Nf1 Nb6 13. Bf4 Nb3 14. Ng3 O-O-O 15. Nh5 Ba4 16. Bf1
Nd7 17. Qe2 g6 18. Ng3 h6 19. h4 Be7 20. Qe3 Bf8 21. Be2 b5 22. Bd1 a5 23. Re2
Nb8 24. Nf1 Nc6 25. N1d2 Ne7 26. Nxb3 Bxb3 27. Bxb3 cxb3 28. Nd2 a4 29. Qd3 Qc6
30. g3 Nf5 31. Kg2 Be7 32. Ree1 Kb7 33. Rh1 Ka6 34. Rbe1 g5 35. hxg5 hxg5 36.
Be3 Qe8 37. Rxh8 Qxh8 38. Rh1 Qg8 39. f3 g4 40. f4 Qg6 41. Qe2 Nxe3+ 42. Qxe3
Qc2 43. Rb1 Rh8 44. Qe2 Rh3 45. Qd1 Qd3 46. Qxg4 Rh8 47. Qd1 Qh7 48. Nf3 Qh3+
49. Kf2 Rg8 50. Qg1 Qf5 51. Re1 Bxa3 52. bxa3 b2 53. Nd2 Qc2 54. Ke2 Rc8 0-1

[Event "Open internationaal tornooi van Gent"]
[Site "Gent Kuipke, Belgium"]
[Date "2022.07.21"]
[Round "4.6"]
[White "Krygelmans, Johan"]
[Black "Van der Stricht, Geert"]
[Result "0-1"]
[WhiteElo "2072"]
[BlackElo "2401"]
[Annotator "EVL"]
[PlyCount "106"]
[EventDate "2022.??.??"]

{[%evp 0,96,21,23,24,-9,-9,4,13,11,33,37,37,26,26,9,25,20,28,-33,-21,-37,-38,
-66,-49,-62,-53,-58,-39,-47,-30,-50,-30,-53,-43,-50,-65,-75,-81,-92,-62,-63,
-57,-48,-64,-43,-7,-48,-41,-58,-43,-38,-30,-74,-59,-6,-27,-19,-53,-53,-50,-50,
-61,-37,-39,-36,-37,-36,44,47,61,37,51,52,70,57,57,57,73,66,82,97,88,110,129,
147,192,120,137,74,187,-201,-393,-442,-489,-496,-504,-518,-561]} 1. d4 Nf6 2.
c4 e6 3. Nc3 Bb4 4. Bd2 O-O 5. e3 d5 6. cxd5 exd5 7. Bd3 c5 8. a3 Bxc3 9. bxc3
b6 10. a4 Ba6 11. Bc1 Bxd3 12. Qxd3 Nc6 13. Ba3 c4 14. Qc2 Re8 15. Ne2 Qd7 16.
O-O Na5 17. Ra2 Nb3 18. Nf4 h6 19. Bc1 a5 20. f3 Qe7 21. Re1 Rad8 22. Ba3 Qc7
23. Qf2 Qd7 24. Bc1 Nh7 25. h4 Nf8 26. Ba3 Ne6 27. Nh5 f5 28. Qg3 Qf7 29. Nf4
Nxf4 30. Qxf4 Re6 31. Rae2 Rf6 32. Qg3 Rg6 33. Qf4 Re6 34. e4 fxe4 35. Qxf7+
Kxf7 36. fxe4 dxe4 37. Rxe4 Rxe4 38. Rxe4 Rd7 39. Kf2 Rb7 40. Re5 g6 41. Ke3 h5
42. Ke4 Rb8 43. Kf4 Rb7 44. Kg5 Kg7 45. Rd5 Rf7 46. g4 Nd2 47. Bf8+ Rxf8 48.
Rd7+ Rf7 49. Rxf7+ Kxf7 50. gxh5 gxh5 51. Kxh5 Ne4 52. d5 Nxc3 53. d6 Ne4 0-1